00843cam a2200253 i 4500001000800000005001700008008004100025010001700066020001500083020002200098040001800120041000800138043001200146080001200158082002000170100000700190101000800197245014400205504005100349906004500400942001200445999001700457952011500474419065820180129093646.0801016s1981 dcua b 001 0 eng  a 80026363  a0815714661 a0815714653 (pbk.) aDLCcDLCdDLC aeng ad------ a338.90000a338.900 CLI219 a19 aSHP00aEconomic stabilization in developing countries /cWilliam R. Cline and Sidney Weintraub, editors ; [authors] William R. Cline ... [et al.]. aIncludes bibliographical references and index. a7bcbccorignewdueocipf19gy-gencatlg 2ddccBK c41199d41199 00102udc40708PËKGa002b002cPËKGd2018-01-29l0o338.900 CLIp002-2996889r2018-01-29w2018-01-29yBK